Ferri's patient teaching guides / (Record no. 8282)

MARC details
000 -LEADER
fixed length control field 01084cam a2200313 a 4500
001 - CONTROL NUMBER
control field 1199522
003 - CONTROL NUMBER IDENTIFIER
control field OSt
005 - DATE AND TIME OF LATEST TRANSACTION
control field 20240325150529.0
008 - FIXED-LENGTH DATA ELEMENTS--GENERAL INFORMATION
fixed length control field 980715s1999 moua f 000 0 eng c
010 ## - LIBRARY OF CONGRESS CONTROL NUMBER
LC control number 98036345
020 ## - INTERNATIONAL STANDARD BOOK NUMBER
International Standard Book Number 0815183976
040 ## - CATALOGING SOURCE
Original cataloging agency DNLM/DLC
Transcribing agency DLC
Modifying agency DLC
050 00 - LIBRARY OF CONGRESS CALL NUMBER
Classification number R727.4
Item number .F47 1999
060 10 - NATIONAL LIBRARY OF MEDICINE CALL NUMBER
Classification number W 49
Item number F394 1999
082 00 - DEWEY DECIMAL CLASSIFICATION NUMBER
Classification number WB 18 F393 1999
245 00 - TITLE STATEMENT
Title Ferri's patient teaching guides /
Statement of responsibility, etc. [edited by] Fred F. Ferri.
246 30 - VARYING FORM OF TITLE
Title proper/short title Patient teaching guides
250 ## - EDITION STATEMENT
Edition statement 1st ed., 1999 ed.
260 ## - PUBLICATION, DISTRIBUTION, ETC. (IMPRINT)
Place of publication, distribution, etc. St. Louis :
Name of publisher, distributor, etc. Mosby,
Date of publication, distribution, etc. c1999.
300 ## - PHYSICAL DESCRIPTION
Extent 1 v. (unpaged) :
Other physical details ill. ;
Dimensions 28 cm.
650 #0 - SUBJECT ADDED ENTRY--TOPICAL TERM
Topical term or geographic name as entry element Patient education
General subdivision Handbooks, manuals, etc.
9 (RLIN) 16928
650 #0 - SUBJECT ADDED ENTRY--TOPICAL TERM
Topical term or geographic name as entry element Self-care, Health
General subdivision Handbooks, manuals, etc.
9 (RLIN) 16929
650 12 - SUBJECT ADDED ENTRY--TOPICAL TERM
Topical term or geographic name as entry element Patient Education
Form subdivision handbooks.
9 (RLIN) 16930
650 22 - SUBJECT ADDED ENTRY--TOPICAL TERM
Topical term or geographic name as entry element Self Care
General subdivision methods
Form subdivision handbooks.
9 (RLIN) 16931
700 1# - ADDED ENTRY--PERSONAL NAME
Personal name Ferri, Fred F.
9 (RLIN) 16932
906 ## - LOCAL DATA ELEMENT F, LDF (RLIN)
a 7
b cbu
c orignew
d 1
e ocip
f 19
g y-gencatlg
942 ## - ADDED ENTRY ELEMENTS (KOHA)
Source of classification or shelving scheme Library of Congress Classification
Koha item type Open Shelf
Holdings
Withdrawn status Lost status Source of classification or shelving scheme Damaged status Not for loan Home library Current library Date acquired Inventory number Total Checkouts Full call number Barcode Date last seen Price effective from Koha item type
    Other/Generic Classification Scheme     MUST Main Library MUST Main Library 25/03/2024 03/18521   WB 18 F393 1999 2024-0100 25/03/2024 25/03/2024 Open Shelf